Case news: Hampstead Heath Winter Swimming Club v the Corporation of London (Record no. 75292)

MARC details
000 -LEADER
fixed length control field 00776cab a2200193 4500
001 - CONTROL NUMBER
control field L129845
008 - FIXED-LENGTH DATA ELEMENTS--GENERAL INFORMATION
fixed length control field 050531n2005 000 0 eng u
035 ## - SYSTEM CONTROL NUMBER
System control number (Sirsi) u129845
041 ## - LANGUAGE CODE
Language code of text/sound track or separate title eng
100 ## - MAIN ENTRY--PERSONAL NAME
Personal name Ross, Jonathan
245 ## - TITLE STATEMENT
Title Case news: Hampstead Heath Winter Swimming Club v the Corporation of London
260 ## - PUBLICATION, DISTRIBUTION, ETC.
Date of publication, distribution, etc. 2005
490 ## - SERIES STATEMENT
Series statement Property Week
Volume/sequential designation 70(19) 13 May 2005, 66(1)
520 ## - SUMMARY, ETC.
Summary, etc. The main issue arising from this case is that property owners owe a duty of care to employees, visitors and even trespassers on their properties but individuals do have to take responsibility for their own actions.
590 ## - LOCAL NOTE (RLIN)
Local note IKA070605
650 ## - SUBJECT ADDED ENTRY--TOPICAL TERM
Topical term or geographic name entry element HAMPSTEAD HEATH WINTER SWIMMING CLUB C THE CORPORATION OF LONDON
690 ## - LOCAL SUBJECT ADDED ENTRY--TOPICAL TERM (OCLC, RLIN)
Topical term or geographic name as entry element Block management
9 (RLIN) 6220
942 ## - ADDED ENTRY ELEMENTS (KOHA)
Suppress in OPAC 0
Holdings
Withdrawn status Lost status Source of classification or shelving scheme Damaged status Not for loan Home library Current library Shelving location Date acquired Total Checkouts Full call number Barcode Date last seen Copy number Price effective from Koha item type
    Dewey Decimal Classification     London London Journal article 31/05/2005   L129845 129845-1001 06/08/2019 1 06/08/2019 Journal article